| 000 | 00407nam a2200181Ia 4500 | ||
|---|---|---|---|
| 001 | 8115 | ||
| 005 | 20260306160545.0 | ||
| 008 | 260306t2006||||xx |||||||||||||| ||spa|| | ||
| 041 | _aESP | ||
| 082 |
_a370.11 _bG51 |
||
| 100 |
_aGiussani, Luigi _eAUT |
||
| 245 | 0 | _aEducar es un riesgo | |
| 260 | _c2006 | ||
| 300 |
_a138 páginas : _ccm. |
||
| 650 | _aGEN | ||
| 654 | _aCED | ||
| 942 |
_cLIB _dJUS _fJUS _2ddc _n |
||
| 999 |
_c8115 _d8115 |
||